000 00359 a2200169 4500
001 192074
020 _a978-85-356-3955-1
040 _cMagnum
100 _aLouzada, Elysanna
240 1 0 _aEu sou o galo
_lpor
245 1 0 _aEu sou o galo
300 _a70
362 0 _a2015
440 1 _aPaulinas
697 _aLITERATURA INFANTO-JUVENIL
942 _cBK
999 _c192074
_d192074